Politiker zuordnen - Statistiken

Allgemein
  • Dieses Quiz wurde 374 mal gespielt
  • Das Durchschnittsergebnis liegt bei 13 aus 20
Antwortstatistiken
Hint Antwort % Korrekt
Markus Söder CSU
91%
Philipp Amthor CDU
89%
Ricarda Lang Die Grünen
87%
Lars Klingbeil SPD
84%
Julia Klöckner CDU
81%
Boris Pistorius SPD
79%
Hendrik Wüst CDU
76%
Wolfgang Kubicki FDP
76%
Bärbel Bas SPD
74%
Martin Sonneborn Die PARTEI
66%
Alexander Dobrindt CSU
60%
Tarek Al-Wazir Die Grünen
59%
Katrin Göring-Eckardt Die Grünen
59%
Hubert Aiwanger Freie Wähler
59%
Christian Dürr FDP
58%
Dorothee Bär CSU
53%
Dr. Matthias Miersch SPD
48%
Karin Prien CDU
43%
Timon Dzienus Die Grünen
37%
Svenja Hahn FDP
13%
Keine übereinstimmenden Quizze gefunden
Verteilung der Resultate
Anzahl Personen mit jedem Resultat
Perzentil nach korrekt beantworteten Fragen
Ihre Resultats-Entwicklung
Sie haben dieses Quiz noch nicht gespielt